000 00638nam a2200241Ia 4500
003 OSt
005 20220924115416.0
006 a|||||r|||| 00| 0
007 ta
008 220923b |||||||| |||| 00| 0 san d
024 _a41896
037 _cTextual
040 _aARTS
_cARTS
_bsan
041 _2san
_asan
082 _aO15,1D65,1, N0
100 _aBhatt Megaha
_9178173
245 0 _aSisupalavadha
260 _aDelhi
_bBharatiya Book Corporation India
_c1990
300 _a307p.
_ccm.
650 _aSANSKRIT LITERATURE
942 _hO15,1D65,1, N0
_cTEXL
_2CC
999 _c398239
_d398239